| 000 | 00411nam a22001817a 4500 | ||
|---|---|---|---|
| 999 |
_c6387 _d6385 |
||
| 005 | 20210904113208.0 | ||
| 008 | 200521b xxu||||| |||| 00| 0 eng d | ||
| 020 | _a978938806303 | ||
| 041 | _aeng | ||
| 082 | _a340.1 MAH | ||
| 100 |
_aMahajan's V.D _95700 |
||
| 245 | _aJurisprudence and Legal Theory | ||
| 250 | _a5'th | ||
| 260 |
_aLucknow _bEBC |
||
| 300 | _a641p. | ||
| 650 |
_aLAW _95701 |
||
| 942 | _cBK | ||